South Eastern Kenya University

Library Online Public Access Catalogue


Macroeconomics (Record no. 8858)

MARC details
000 -LEADER
fixed length control field 00599cam a2200229 a 4500
001 - CONTROL NUMBER
control field 3055521
003 - CONTROL NUMBER IDENTIFIER
control field OSt
005 - DATE AND TIME OF LATEST TRANSACTION
control field 20150912124459.0
008 - FIXED-LENGTH DATA ELEMENTS--GENERAL INFORMATION
fixed length control field 961115s1997 nyua 001 0 eng
010 ## - LIBRARY OF CONGRESS CONTROL NUMBER
LC control number 96060597
020 ## - INTERNATIONAL STANDARD BOOK NUMBER
International Standard Book Number 1572591412
040 ## - CATALOGING SOURCE
Original cataloging agency SEKU
050 00 - LIBRARY OF CONGRESS CALL NUMBER
Classification number HB 172.5
Item number .M3 1997
100 1# - MAIN ENTRY--PERSONAL NAME
Personal name Mankiw, N. Gregory.
245 10 - TITLE STATEMENT
Title Macroeconomics
Statement of responsibility, etc. N. Gregory Mankiw.
250 ## - EDITION STATEMENT
Edition statement 3rd ed.
260 ## - PUBLICATION, DISTRIBUTION, ETC. (IMPRINT)
Place of publication, distribution, etc. New York :
Name of publisher, distributor, etc. Worth Publishers,
Date of publication, distribution, etc. c1997.
300 ## - PHYSICAL DESCRIPTION
Extent xxxviii, 531 p. :
Other physical details ill. (some col.) ;
Dimensions 24 cm.
500 ## - GENERAL NOTE
General note Includes index.
650 #0 - SUBJECT ADDED ENTRY--TOPICAL TERM
Topical term or geographic name as entry element Macroeconomics.
942 ## - ADDED ENTRY ELEMENTS (KOHA)
Source of classification or shelving scheme Library of Congress Classification
Koha item type General circulation
Holdings
Withdrawn status Lost status Source of classification or shelving scheme Damaged status Not for loan Home library Current library Shelving location Date acquired Source of acquisition Total Checkouts Full call number Barcode Date last seen Price effective from Koha item type Public note
    Library of Congress Classification     Mtito Andei Centre Library Mtito Andei Centre Library General Stacks 12/09/2015 Donation - Books for Africa   HB 172.5 .M3 1997 2015/007910 12/09/2015 12/09/2015 General circulation AMK
Kitui, Kenya.
+254736116989
library@seku.ac.ke